000 00323nam a2200145Ia 4500
100 _aLuse/ Marv
942 _cBK
654 _aComputer
245 _aBitmapped graphics prog in C++
260 _bNew Age Int (P) Ltd
_aNew Delhi
_c1993
082 _a6.6762
_bLUS
300 _a705
546 _aENGLISH
999 _c18058
_d18058